000 00362nam a2200145Ia 4500
008 240624s9999 xx 000 0 und d
041 _aeng
082 _a658.4012 BES
100 _aBESANKO D
245 _aECONOMICS OF STRATEGY
250 _a(3rd ed.)
260 _c2007
_aNew Delhi
_bWiley India
300 _axxiv, : 632 : p. : cm. ; 25
365 _cRS
_b33.33
999 _c11024
_d11024